Tuyển tập 20 năm đề thi Olympic 30 tháng 4 hóa học 10
Nội dung sách gồm các đề thi chính thức từ 1996-2013; các đề thi theo chuyên đề; các đề thi đề nghị.
Bewaard in:
| Formaat: | Boek |
|---|---|
| Taal: | Undetermined |
| Gepubliceerd in: |
Hà Nội
Đại học Quốc gia Hà Nội
2016
|
| Onderwerpen: | |
| Tags: |
Voeg label toe
Geen labels, Wees de eerste die dit record labelt!
|
| Thư viện lưu trữ: | Trung tâm Học liệu Trường Đại học Cần Thơ |
|---|
| LEADER | 00836nam a2200217Ia 4500 | ||
|---|---|---|---|
| 001 | CTU_232529 | ||
| 008 | 210402s9999 xx 000 0 und d | ||
| 020 | |c 140000 | ||
| 082 | |a 540.76 | ||
| 082 | |b T527 | ||
| 245 | 0 | |a Tuyển tập 20 năm đề thi Olympic 30 tháng 4 hóa học 10 | |
| 245 | 0 | |c Ban tổ chức kì thi | |
| 260 | |a Hà Nội | ||
| 260 | |b Đại học Quốc gia Hà Nội | ||
| 260 | |c 2016 | ||
| 520 | |a Nội dung sách gồm các đề thi chính thức từ 1996-2013; các đề thi theo chuyên đề; các đề thi đề nghị. | ||
| 650 | |a Chemistry,Hóa học | ||
| 650 | |x Study and teaching (Secondary),Dạy và học (Trung học) | ||
| 904 | |i Nhi,My,Hải | ||
| 910 | |a Tuyến | ||
| 980 | |a Trung tâm Học liệu Trường Đại học Cần Thơ | ||